Chaos : (Record no. 8361)

MARC details
000 -LEADER
fixed length control field 01500cam a22003374a 4500
001 - CONTROL NUMBER
control field 13045225
003 - CONTROL NUMBER IDENTIFIER
control field OSt
005 - DATE AND TIME OF LATEST TRANSACTION
control field 20240611093116.0
008 - FIXED-LENGTH DATA ELEMENTS--GENERAL INFORMATION
fixed length control field 030102s2003 enka b 001 0 eng
010 ## - LIBRARY OF CONGRESS CONTROL NUMBER
LC control number 2003041210
020 ## - INTERNATIONAL STANDARD BOOK NUMBER
International Standard Book Number 0521531047 (pbk.)
040 ## - CATALOGING SOURCE
Original cataloging agency DLC
Transcribing agency MUST
Modifying agency DLC
042 ## - AUTHENTICATION CODE
Authentication code pcc
082 00 - DEWEY DECIMAL CLASSIFICATION NUMBER
Classification number 511.3
Item number BAK 2003
100 1# - MAIN ENTRY--PERSONAL NAME
Personal name Banks, John,
Dates associated with a name 1957-
9 (RLIN) 17008
245 10 - TITLE STATEMENT
Title Chaos :
Remainder of title a mathematical introduction /
Statement of responsibility, etc. John Banks, Valentina Dragan, Arthur Jones.
260 ## - PUBLICATION, DISTRIBUTION, ETC. (IMPRINT)
Place of publication, distribution, etc. Cambridge ;
-- New York :
Name of publisher, distributor, etc. Cambridge University Press,
Date of publication, distribution, etc. 2003.
300 ## - PHYSICAL DESCRIPTION
Extent xi, 294 p. :
Other physical details ill. ;
Dimensions 23 cm.
440 #0 - SERIES STATEMENT/ADDED ENTRY--TITLE
Title Australian Mathematical Society lecture series ;
Volume/sequential designation 18
9 (RLIN) 17009
504 ## - BIBLIOGRAPHY, ETC. NOTE
Bibliography, etc Includes bibliographical references and index.
650 #0 - SUBJECT ADDED ENTRY--TOPICAL TERM
Topical term or geographic name as entry element Differentiable dynamical systems.
9 (RLIN) 3007
650 #0 - SUBJECT ADDED ENTRY--TOPICAL TERM
Topical term or geographic name as entry element Chaotic behavior in systems
General subdivision Mathematics.
9 (RLIN) 17010
700 1# - ADDED ENTRY--PERSONAL NAME
Personal name Dragan, Valentina,
Dates associated with a name 1966-
9 (RLIN) 17011
700 1# - ADDED ENTRY--PERSONAL NAME
Personal name Jones, Arthur,
Dates associated with a name 1934-
9 (RLIN) 17012
856 41 - ELECTRONIC LOCATION AND ACCESS
Materials specified Sample text
Uniform Resource Identifier http://www.loc.gov/catdir/samples/cam034/2003041210.html
856 41 - ELECTRONIC LOCATION AND ACCESS
Materials specified Table of contents
Uniform Resource Identifier http://www.loc.gov/catdir/toc/cam031/2003041210.html
856 42 - ELECTRONIC LOCATION AND ACCESS
Materials specified Publisher description
Uniform Resource Identifier http://www.loc.gov/catdir/description/cam031/2003041210.html
906 ## - LOCAL DATA ELEMENT F, LDF (RLIN)
a 7
b cbc
c orignew
d 1
e ocip
f 20
g y-gencatlg
942 ## - ADDED ENTRY ELEMENTS (KOHA)
Source of classification or shelving scheme Dewey Decimal Classification
Koha item type Open Shelf
Holdings
Withdrawn status Lost status Source of classification or shelving scheme Damaged status Not for loan Home library Current library Date acquired Source of acquisition Inventory number Total Checkouts Full call number Barcode Date last seen Price effective from Koha item type
    Dewey Decimal Classification     MUST Main Library MUST Main Library 11/06/2024 Donation 2004/22063   511.3 BAK 2003 2024-20237 11/06/2024 11/06/2024 Open Shelf